[Event "Mediterranean-ch 13th"]
[Site "Platja d'Aro"]
[Date "2023.11.05"]
[Round "3"]
[White "Andreu Lopez, Santiago"]
[Black "Giro Castellet, Esteve"]
[Result "1-0"]
[WhiteElo "1839"]
[BlackElo "1633"]
[PlyCount "77"]
[EventDate "2023.11.04"]
[EventType "swiss"]
[EventRounds "9"]
[EventCountry "ESP"]
[SourceTitle "CB46_2023"]
[SourceDate "2023.11.15"]
[SourceVersion "1"]
[SourceVersionDate "2023.11.15"]
[SourceQuality "1"]

1. Nf3 d5 2. g3 Nd7 3. Bg2 c6 4. 0-0 Ngf6 5. d3 e6 6. c4 Be7 7. cxd5 exd5 8. Nc3 0-0 9. e4 dxe4 10. dxe4 Nc5 11. Qc2 Qd3 12. Ne1 Qxc2 13. Nxc2 Nd3 14. Ne3 Be6 15. b3 Nxc1 16. Raxc1 Rad8 17. Rfd1 Ng4 18. Nxg4 Bxg4 19. f3 Be6 20. Ne2 Ba3 21. Rb1 Bc5+ 22. Kf1 Be3 23. Nf4 Bc8 24. Bh3 Bxh3+ 25. Nxh3 c5 26. Ke2 Bd4 27. Nf4 Rfe8 28. Kf1 Be3 29. Ng2 Bd4 30. Rd3 Bf6 31. Rbd1 Rd4 32. Ne3 Rxd3 33. Rxd3 Rd8 34. Ke2 Rxd3 35. Kxd3 b5 36. Nd5 Bd8 37. Nc3 a6 38. a4 Bf6 39. axb5 1-0

[Event "Calvia Amateur op 19th"]
[Site "Calvia"]
[Date "2022.10.11"]
[Round "4"]
[White "Serra Olives, Tomas"]
[Black "Andreu Lopez, Santiago"]
[Result "1-0"]
[WhiteElo "2041"]
[BlackElo "1859"]
[PlyCount "51"]
[EventDate "2022.10.08"]
[EventType "swiss"]
[EventRounds "9"]
[EventCountry "ESP"]
[SourceTitle "CBM 210 Extra"]
[Source "ChessBase"]
[SourceDate "2022.11.30"]
[SourceVersion "1"]
[SourceVersionDate "2022.11.30"]
[SourceQuality "1"]

1. e4 g6 2. d4 Bg7 3. Nc3 d6 4. Nf3 Nf6 5. h3 0-0 6. Be3 Re8 7. Qd2 Na6 8. 0-0-0 c6 9. Kb1 b5 10. e5 dxe5 11. dxe5 Qxd2 12. Nxd2 Nd7 13. f4 Ndc5 14. Be2 f6 15. Bf3 Bb7 16. exf6 exf6 17. Bd4 f5 18. Bxg7 Kxg7 19. Nb3 Rad8 20. Na5 b4 21. Nxb7 Nxb7 22. Bxc6 bxc3 23. Bxe8 Rxe8 24. Rd7+ Kf6 25. Rxb7 cxb2 26. Rd1 1-0

[Event "ESP-ch Seniors 50"]
[Site "Altea"]
[Date "2021.10.31"]
[Round "1"]
[White "Andreu Lopez, Santiago"]
[Black "Garcia Trobat, Francisco"]
[Result "0-1"]
[WhiteElo "1898"]
[BlackElo "2276"]
[PlyCount "50"]
[EventDate "2021.10.31"]
[EventType "swiss"]
[EventRounds "9"]
[EventCountry "ESP"]
[SourceTitle "CBM 205 Extra"]
[Source "ChessBase"]
[SourceDate "2022.01.31"]
[SourceVersion "1"]
[SourceVersionDate "2022.01.31"]
[SourceQuality "1"]

1. e4 c5 2. Nf3 d6 3. d4 cxd4 4. Nxd4 Nf6 5. Bd3 Nc6 6. c3 g6 7. 0-0 Bg7 8. Kh1 0-0 9. f4 Nxd4 10. cxd4 Qb6 11. e5 Bg4 12. Be2 Bxe2 13. Qxe2 Nd5 14. Nc3 Qxd4 15. Nxd5 Qxd5 16. Be3 dxe5 17. Rad1 Qe4 18. Qf2 Rac8 19. fxe5 Rc2 20. Rd2 Rxd2 21. Bxd2 Qxe5 22. Bc3 Qb5 23. Bxg7 Kxg7 24. Qd4+ e5 25. Qf2 Qb6 0-1

[Event "Mallorca-chT Preferente"]
[Site "Mallorca"]
[Date "2021.04.24"]
[Round "7"]
[White "Baldo Company, Jordi"]
[Black "Andreu Lopez, Santiago"]
[Result "0-1"]
[WhiteElo "1549"]
[BlackElo "1843"]
[PlyCount "46"]
[EventDate "2021.03.06"]
[EventType "team-swiss"]
[EventRounds "7"]
[EventCountry "ESP"]
[SourceTitle "EXT 2023"]
[Source "ChessBase"]
[SourceDate "2022.10.05"]
[SourceVersion "1"]
[SourceVersionDate "2022.10.05"]
[SourceQuality "1"]
[WhiteTeam "Mestral Palmanyola"]
[BlackTeam "Tropic"]
[WhiteTeamCountry "ESP"]
[BlackTeamCountry "ESP"]

1. d4 Nf6 2. c4 g6 3. Nf3 Bg7 4. g3 0-0 5. Bg2 d5 6. 0-0 dxc4 7. Ne5 Nbd7 8. Nxc4 c6 9. Nc3 Nb6 10. Ne5 Be6 11. b3 Qc8 12. Ba3 Re8 13. Rc1 Bh3 14. e3 Bxg2 15. Kxg2 Qe6 16. Nd3 Nbd7 17. Nf4 Qf5 18. Qd3 Qa5 19. Bb2 Rad8 20. Qc4 e5 21. b4 Qb6 22. Na4 Qc7 23. Ne2 b5 0-1

[Event "Mallorca-ch Veterans"]
[Site "Portals Nous"]
[Date "2021.04.16"]
[Round "4"]
[White "Rossello Sanchez, Bartolome"]
[Black "Andreu Lopez, Santiago"]
[Result "0-1"]
[WhiteElo "1627"]
[BlackElo "1843"]
[PlyCount "58"]
[EventDate "2021.03.26"]
[EventType "swiss"]
[EventRounds "5"]
[EventCountry "ESP"]
[SourceTitle "EXT 2022"]
[Source "ChessBase"]
[SourceDate "2021.10.06"]
[SourceVersion "1"]
[SourceVersionDate "2021.10.06"]
[SourceQuality "1"]

1. c4 Nf6 2. d4 g6 3. Nc3 Bg7 4. e4 d6 5. h3 0-0 6. Nge2 c5 7. d5 Na6 8. Ng3 Re8 9. Be2 Nc7 10. Be3 a6 11. a4 e6 12. 0-0 exd5 13. cxd5 Nd7 14. Qd2 Rb8 15. f4 b5 16. axb5 Qh4 17. Rf3 Nxb5 18. Nxb5 axb5 19. Kh2 Nf6 20. Kg1 Nxe4 21. Nxe4 Rxe4 22. Bf2 Qf6 23. Rb1 c4 24. Bf1 Bf5 25. g4 Rd4 26. Qc1 Bxb1 27. Qxb1 Rxf4 28. Rxf4 Qxf4 29. Bg2 Bd4 0-1

[Event "Mallorca-chT Preferente"]
[Site "Mallorca"]
[Date "2021.03.27"]
[Round "4"]
[White "Damians Janes, Jordi"]
[Black "Andreu Lopez, Santiago"]
[Result "1-0"]
[WhiteElo "2051"]
[BlackElo "1843"]
[PlyCount "59"]
[EventDate "2021.03.06"]
[EventType "team-swiss"]
[EventRounds "7"]
[EventCountry "ESP"]
[SourceTitle "EXT 2023"]
[Source "ChessBase"]
[SourceDate "2022.10.05"]
[SourceVersion "1"]
[SourceVersionDate "2022.10.05"]
[SourceQuality "1"]
[WhiteTeam "Balanguera"]
[BlackTeam "Tropic"]
[WhiteTeamCountry "ESP"]
[BlackTeamCountry "ESP"]

1. e4 c5 2. Nc3 e6 3. g3 a6 4. Bg2 b5 5. d3 Bb7 6. Nh3 Ne7 7. 0-0 d5 8. Nf4 d4 9. Nce2 Nbc6 10. a4 h5 11. c3 h4 12. axb5 axb5 13. Rxa8 Bxa8 14. Qb3 Qb8 15. Bd2 e5 16. Nh3 Na5 17. Qa2 Nac6 18. f4 hxg3 19. Nxg3 Bb7 20. fxe5 Nxe5 21. cxd4 cxd4 22. Ng5 f6 23. Ne6 N7g6 24. Qa5 Bc6 25. Rc1 Bd7 26. Nc7+ Ke7 27. Nf5+ Bxf5 28. exf5 Nh4 29. Qa6 Nc4 30. Bf4 1-0

[Event "ESP-ch rapid"]
[Site "Linares"]
[Date "2019.08.24"]
[Round "1"]
[White "Fernandez Barrera, Victor"]
[Black "Andreu Lopez, Santiago"]
[Result "1-0"]
[WhiteElo "2301"]
[BlackElo "1872"]
[PlyCount "76"]
[EventDate "2019.08.24"]
[EventType "swiss (rapid)"]
[EventRounds "9"]
[EventCountry "ESP"]
[SourceTitle "EXT 2020"]
[Source "ChessBase"]
[SourceDate "2019.10.17"]
[SourceVersion "1"]
[SourceVersionDate "2019.10.17"]
[SourceQuality "1"]

1. e4 c5 2. Nf3 e6 3. d4 cxd4 4. Nxd4 a6 5. Bd3 Nc6 6. Nxc6 bxc6 7. 0-0 Qc7 8. c4 Bb7 9. Nc3 Bb4 10. Qb3 Bd6 11. g3 Rb8 12. Be3 Ba8 13. Qc2 Nf6 14. c5 Be7 15. Na4 0-0 16. Nb6 Ng4 17. Bf4 e5 18. Bd2 d6 19. Be2 Nf6 20. Nxa8 Rxa8 21. cxd6 Bxd6 22. Rac1 Qb7 23. b3 Rac8 24. Be3 Ba3 25. Rcd1 c5 26. f3 Rfd8 27. Qc4 a5 28. Qc3 Rd4 29. Qxa5 Bb4 30. Qa6 Qxa6 31. Bxa6 Ra8 32. Bxd4 exd4 33. Bd3 Rxa2 34. Ra1 Rxa1 35. Rxa1 Kf8 36. Ra7 Ne8 37. e5 f6 38. Bc4 fxe5 1-0

[Event "Mallorca-ch Seniors 50"]
[Site "Palma de Mallorca"]
[Date "2019.04.21"]
[Round "4"]
[White "Cisneros Alomar, Javier"]
[Black "Andreu Lopez, Santiago"]
[Result "1-0"]
[WhiteElo "2151"]
[BlackElo "1876"]
[PlyCount "103"]
[EventDate "2019.04.19"]
[EventType "swiss"]
[EventRounds "4"]
[EventCountry "ESP"]
[SourceTitle "EXT 2024"]
[Source "ChessBase"]
[SourceDate "2023.10.10"]
[SourceVersion "1"]
[SourceVersionDate "2023.10.10"]
[SourceQuality "1"]

1. d4 Nf6 2. c4 g6 3. Nc3 Bg7 4. e4 d6 5. f3 c6 6. Be3 a6 7. a4 Qa5 8. Bd3 0-0 9. Rb1 c5 10. d5 Nbd7 11. Nge2 Ne5 12. 0-0 Bd7 13. Nc1 Nh5 14. Be2 f5 15. f4 Ng4 16. Bxg4 fxg4 17. N1a2 g3 18. h3 Rf7 19. Nc1 Raf8 20. Nd3 Bd4 21. Bxd4 cxd4 22. b4 Qc7 23. Ne2 Qc8 24. Rf3 Bxh3 25. Nxg3 Bg4 26. Nxh5 Bxh5 27. c5 Qd7 28. b5 axb5 29. axb5 Bxf3 30. Qxf3 Qc7 31. c6 Qa5 32. b6 Qd2 33. c7 Rc8 34. Rd1 Qc2 35. Qf1 Rff8 36. Rc1 Qb3 37. Rb1 Qc4 38. Qd1 Ra8 39. Rc1 Qb5 40. Rb1 Qd7 41. Qc1 Rfc8 42. Qc4 Ra6 43. Qxd4 Ra2 44. Ne1 Rca8 45. Qc3 R2a5 46. Nd3 Ra3 47. Qc2 R3a4 48. Nb4 Ra1 49. Nc6 Kf7 50. Na7 R1xa7 51. bxa7 Rxa7 52. c8Q 1-0

[Event "Balears-ch Amateurs"]
[Site "Palma de Mallorca"]
[Date "2016.03.27"]
[Round "5"]
[White "Andreu Lopez, Santiago"]
[Black "Garcia Delgado Varela, Antonio"]
[Result "1/2-1/2"]
[WhiteElo "1836"]
[BlackElo "1791"]
[PlyCount "98"]
[EventDate "2016.03.24"]
[EventType "swiss"]
[EventRounds "6"]
[EventCountry "ESP"]
[SourceTitle "CBM 171 Extra"]
[Source "ChessBase"]
[SourceDate "2016.04.26"]
[SourceVersion "1"]
[SourceVersionDate "2016.04.26"]
[SourceQuality "1"]

1. e4 e6 2. d4 d5 3. exd5 exd5 4. Bd3 c5 5. Ne2 Nc6 6. dxc5 Bxc5 7. 0-0 Nf6 8. Bg5 0-0 9. Nbc3 Be6 10. Nf4 h6 11. Bxf6 Qxf6 12. Nfxd5 Bxd5 13. Nxd5 Qxb2 14. Qf3 Ne5 15. Qf4 Nxd3 16. cxd3 b6 17. g4 Rad8 18. g5 hxg5 19. Qxg5 Qd4 20. Ne3 Rd6 21. Nf5 Rg6 22. Qxg6 Qxf2+ 23. Rxf2 Bxf2+ 24. Kxf2 fxg6 25. Ke3 gxf5 26. Kf4 g6 27. d4 Kf7 28. Rc1 Re8 29. d5 Ke7 30. Rc6 Rh8 31. Ke5 Rxh2 32. Rc7+ Kd8 33. Rxa7 Re2+ 34. Kd6 Kc8 35. a4 f4 36. Kc6 Rc2+ 37. Kxb6 f3 38. Rf7 f2 39. a5 Rb2+ 40. Kc6 Rc2+ 41. Kb5 Rb2+ 42. Kc5 Rc2+ 43. Kb5 Rb2+ 44. Kc6 Rc2+ 45. Kd6 Ra2 46. Ke5 Re2+ 47. Kd4 Rd2+ 48. Kc5 Rc2+ 49. Kb5 Rb2+ 1/2-1/2

[Event "ESP-ch 74th"]
[Site "Palma de Mallorca"]
[Date "2009.09.28"]
[Round "3"]
[White "Andreu Lopez, Santiago"]
[Black "Galiana Salom, Juan Ramon"]
[Result "0-1"]
[WhiteElo "1977"]
[BlackElo "2216"]
[PlyCount "68"]
[EventDate "2009.09.26"]
[EventType "swiss"]
[EventRounds "9"]
[EventCountry "ESP"]
[SourceTitle "CBM 132 Extra"]
[Source "ChessBase"]
[SourceDate "2009.11.03"]
[SourceVersion "1"]
[SourceVersionDate "2009.11.03"]
[SourceQuality "1"]

1. e4 e6 2. d4 d5 3. Nd2 Nf6 4. e5 Nfd7 5. f4 c5 6. Ngf3 Nc6 7. c3 Qb6 8. Nb3 Be7 9. Be2 cxd4 10. cxd4 f6 11. exf6 Bxf6 12. Be3 0-0 13. Qd2 a5 14. 0-0 a4 15. Nc1 a3 16. bxa3 Rxa3 17. Nb3 Be7 18. Rfb1 Nf6 19. Bd3 Qa7 20. Rb2 Nb4 21. Bb1 b6 22. h3 Ba6 23. Nc1 Ne4 24. Bxe4 dxe4 25. Ne5 Nd5 26. Rb3 Bb7 27. Rab1 Rc8 28. Rxa3 Bxa3 29. Ne2 Qa4 30. Rb3 Bb4 31. Qb2 Ba6 32. Bf2 Bd3 33. Nxd3 exd3 34. Ng3 d2 0-1

[Event "Palma de Mallorca op 3rd"]
[Site "Palma de Mallorca"]
[Date "2008.12.13"]
[Round "8"]
[White "Andreu Lopez, Santiago"]
[Black "Alemany Jara, Alejandro"]
[Result "0-1"]
[WhiteElo "1983"]
[BlackElo "1717"]
[PlyCount "28"]
[EventDate "2008.12.06"]
[EventType "swiss"]
[EventRounds "9"]
[EventCountry "ESP"]
[SourceTitle "CBM 127 Extra"]
[Source "ChessBase"]
[SourceDate "2009.01.08"]
[SourceVersion "2"]
[SourceVersionDate "2009.01.28"]
[SourceQuality "1"]

1. e4 e5 2. Nf3 Nc6 3. Bb5 a6 4. Ba4 Nf6 5. 0-0 d6 6. d4 b5 7. Bb3 Bg4 8. dxe5 Bxf3 9. Qxf3 Nxe5 10. Qg3 Be7 11. Qxg7 Rg8 12. Qh6 Qc8 13. h3 Rg6 14. Qh4 Nf3+ 0-1

[Event "Palma de Mallorca op 3rd"]
[Site "Palma de Mallorca"]
[Date "2008.12.11"]
[Round "6"]
[White "Andreu Lopez, Santiago"]
[Black "Torres Mari, Juan"]
[Result "1-0"]
[WhiteElo "1983"]
[BlackElo "1743"]
[PlyCount "55"]
[EventDate "2008.12.06"]
[EventType "swiss"]
[EventRounds "9"]
[EventCountry "ESP"]
[SourceTitle "CBM 127 Extra"]
[Source "ChessBase"]
[SourceDate "2009.01.08"]
[SourceVersion "2"]
[SourceVersionDate "2009.01.28"]
[SourceQuality "1"]

1. e4 c5 2. Nf3 d6 3. d4 cxd4 4. Nxd4 Nf6 5. Bd3 a6 6. 0-0 e6 7. Kh1 Be7 8. f4 Nbd7 9. c3 Qc7 10. Qe1 0-0 11. Nd2 b5 12. Rf3 Nc5 13. Bc2 Bb7 14. Rh3 d5 15. e5 Nfe4 16. b4 Na4 17. Nxe4 dxe4 18. Bxe4 Bxe4 19. Qxe4 g6 20. f5 Qc4 21. Bd2 exf5 22. Qe3 f6 23. e6 g5 24. Nxf5 Rae8 25. Qf3 Qxe6 26. Re1 Qd7 27. Rxh7 Qxd2 28. Rg7+ 1-0